Movies Quiz

Random Movies or Actress Quiz

Glenn Close Movie Year Match Quiz Stats

 Plays Quiz not verified by Sporcle

Support Sporcle.
Go Orange.
Score 0/11 Timer 02:00
0 Plays Today
% Correct
Fatal Attraction
89.9%
Guardians of the Galaxy
87.8%
Air Force One
85.1%
Mars Attacks!
82.4%
The Big Chill
77.7%
102 Dalmatians
77.7%
Dangerous Liaisons
75.7%
The Stepford Wives
70.3%
The Wife
69%
Jagged Edge
61.5%
Heights
34.5%

You're not logged in!

Compare scores with friends on all Sporcle quizzes.
OR
Log In

From the Vault

Harry Potter Character by First Description

by HPGirl

'Red hair and a hand-me-down robe? You must be a Weasley.'
Remove Ads.
Support Sporcle.
Get the best of Sporcle when you Go Orange. This ad-free experience offers more features, more stats, and more fun while also helping to support Sporcle. Thank you for becoming a member.

Show Comments

Extras

Top Quizzes Today


Score Distribution

Your Account Isn't Verified!

In order to create a playlist on Sporcle, you need to verify the email address you used during registration. Go to your Sporcle Settings to finish the process.

Report this User

Report this user for behavior that violates our Community Guidelines.

Details: